Statystyki dla Mistrzowie Ligi Mistrzów i Ligi Europy UEFA - piłka nożna

Kliknij tutaj aby rozwiązać quiz!

Ogólne statystyki

  • Ten quiz został rozwiązany 2 452 razy
    (2 138 od ostatniego zresetowania)
  • Średni wynik to 23 z 41

Statystyki odpowiedzi

Tytuły LMTytuły LEKrajMistrz% Poprawnych
142HiszpaniaReal Madryt
100%
50HiszpaniaFC Barcelona
98%
70WłochyAC Milan
97%
61NiemcyBayern Monachium
97%
41HolandiaAjax Amsterdam
94%
33WłochyInter Mediolan
94%
23WłochyJuventus FC
94%
31AngliaManchester United
93%
63AngliaLiverpool FC
92%
22PortugaliaFC Porto
88%
22AngliaChelsea FC
84%
10AngliaManchester City
83%
10AngliaAston Villa
80%
20PortugaliaSL Benfica
79%
10NiemcyBorussia Dortmund
76%
07HiszpaniaSevilla FC
75%
11HolandiaPSV Eindhoven
70%
10SzkocjaCeltic Glasgow
66%
10FrancjaOlympique Marsylia
62%
20AngliaNottingham Forest
57%
03HiszpaniaAtletico Madryt
56%
12HolandiaFeyenoord Rotterdam
53%
01WłochySSC Napoli
52%
10SerbiaCrvena Zvezda Belgrad
36%
02AngliaTottenham Hotspur
36%
01TurcjaGalatasaray SK
34%
01RosjaZenit Sankt Petersburg
34%
01RosjaCSKA Moskwa
33%
01BelgiaRSC Anderlecht
31%
01UkrainaSzachtar Donieck
31%
10NiemcyHamburger SV
30%
10RumuniaSteaua Bukareszt
29%
01HiszpaniaVillarreal FC
29%
01HiszpaniaValencia CF
28%
01NiemcySchalke 04 Gelsenkirchen
25%
01NiemcyBayer 04 Leverkusen
23%
02NiemcyEintracht Frankfurt
20%
02WłochyParma Calcio
14%
02SzwecjaIFK Goteborg
9%
02NiemcyBorussia Monchengladbach
8%
01AngliaIpswich Town
3%

Rozkład punktacji

Percentyl według liczby udzielonych odpowiedzi

Procent ludzi z każdym wynikiem

Twoja historia wyników

Nie rozwiązałeś tego quizu od ostatniego zresetowania